Statistics for 150 Longest Rivers in the World

Click here to take the quiz!

General Stats

  • This quiz has been taken 389 times
  • The average score is 52 of 150

Answer Stats

LengthRiver% Correct
6,992 kmAmazon
98%
6,853 kmNile
98%
6,275 kmMississippi
93%
2,888 kmDanube
92%
3,645 kmVolga
92%
5,464 kmYellow
92%
6,300 kmYangtze
90%
2,620 kmGanges
89%
4,350 kmMekong
88%
4,700 kmCongo
87%
1,233 kmRhine
87%
4,200 kmNiger
81%
3,610 kmIndus
80%
3,058 kmSaint Lawrence
80%
2,693 kmZambezi
80%
5,410 kmOb
78%
3,596 kmShatt al-Arab
78%
1,438 km | 2,333 kmColorado
77%
1,950 kmTigris
77%
3,185 kmYukon
76%
4,880 kmParaná
75%
1,438 kmRío Grande
73%
3,057 kmRio Grande
73%
4,444 kmAmur
69%
4,400 kmLena
69%
3,672 kmMurray
69%
3,848 kmBrahmaputra
65%
2,287 kmDnieper
65%
2,102 kmOhio
65%
2,101 kmOrinoco
65%
1,870 kmDon
64%
2,092 kmOrange
63%
5,539 kmYenisei
63%
4,241 kmMackenzie
62%
1,149 km | 2,188 kmRed
62%
2,428 kmUral
61%
2,200 kmPearl
60%
2,348 kmArkansas
58%
1,252 kmElbe
58%
2,549 kmParaguay
58%
1,600 kmBlue Nile
57%
2,250 kmColumbia
55%
1,411 kmDniester
53%
1,670 kmSnake
51%
3,078 kmSyr Darya
50%
1,610 kmUruguay
50%
1,800 kmLimpopo
49%
2,620 kmAmu Darya
48%
1,641 kmSenegal
47%
2.170 kmAyeyarwady
45%
3,180 kmSão Francisco
45%
1,600 kmVolta
45%
2,570 kmNelson
42%
3,060 kmSalween
41%
3,380 kmMadeira
39%
1,500 kmOka
39%
3,650 kmTocantins
37%
2,250 kmNegro
33%
2,270 kmUbangi
33%
1,805 kmKama
32%
1,594 kmPlatte
32%
1,368 kmFraser
31%
1,600 kmOkavango
30%
1,175 kmGreen
29%
2,513 kmKolyma
28%
1,300 kmKrishna
28%
2,989 kmLower Tunguska
28%
1,550 kmMagdalena
27%
3,211 kmPurús
27%
1,231 kmAthabasca
25%
1,809 kmPechora
24%
1,726 kmIndigirka
23%
1,289 kmNarmada
23%
1,302 kmNorthern Dvina
23%
1,271 kmOttawa
23%
1,360 kmGrande
21%
1,143 kmJames
21%
2,100 kmXingu
21%
1,370 kmYamuna
21%
2,273 kmAldan
20%
1,352 kmBrazos
20%
1,600 kmChurchill
20%
1,532 kmHan
20%
1,580 kmJubba
20%
1,210 kmVaal
20%
1,120 kmAnadyr
19%
1,223 kmCanadian
19%
1,130 kmHelmand
19%
1,515 kmKura
19%
2,500 kmPilcomayo
19%
2,490 kmUpper Ob
19%
2,615 kmJapurá
18%
1,900 kmTapajós
18%
1,465 kmGodivari
16%
1,865 kmStony Tunguska
16%
1,370 kmVyatka
16%
2,627 kmAraguaia
15%
1,173 kmMilk
15%
1,485 kmMurrumbidgee
15%
1,927 kmSonghua
15%
1,130 kmVychegda
15%
2,153 kmKasai
14%
1,600 kmKhatanga
14%
1,130 kmMadre de Dios
14%
1,372 kmSutlej
14%
1,480 kmUpper Yenisei
14%
1,220 kmNorth Saskatchewan
13%
2,100 kmTarim
12%
1,236 kmUpper Mississippi
11%
1,400 kmBenue
10%
1,320 kmIguaçu
10%
2,450 kmIshim
10%
2,410 kmJuruá
10%
1,490 kmPecos
10%
1,599 kmBeni
8%
1,123 kmCimarron
8%
2,650 kmVilyuy
8%
1,978 kmVitim
8%
1,575 kmIçá
6%
1,591 kmTobol
6%
1,420 kmCooper
5%
1,338 kmLachlan
5%
1,415 kmMarañón
5%
2,292 kmOlenyok
5%
1,799 kmChulym
4%
1,130 kmDesna
4%
1,749 kmGuaporé
4%
1,497 kmGuaviare
4%
1,400 kmIli
4%
1,300 kmIriri
4%
1,240 kmJuruena
4%
1,182 kmKızıl
4%
1,270 kmLerma
4%
1,345 kmLiao
4%
1,280 kmLomami
4%
1,190 kmNen
4%
2,010 kmNorthern Salado
4%
1,320 kmOlyokma
4%
1,150 kmSankuru
4%
1,126 kmSepik
4%
1,400 kmWarburton
4%
1,150 kmWu
4%
1,242 kmZeya
4%
1,143 kmKapuas
3%
1,200 kmShire
3%
1,130 kmTietê
3%
1,323 kmYalong
3%
1,158 kmChindwin
2%

Score Distribution

Percentile by Number Answered

Percent of People with Each Score

Your Score History

You have not taken this quiz